000
00324 a2200157 4500
001
175920
020
_a
040
_c
Magnum
100
_a
Gomes, Alvaro Cardoso
240
1
0
_a
A casa do terror
_l
por
245
1
0
_a
A casa do terror
362
0
_a
1899
440
1
_a
Moderna
697
_a
MAGNITO: J/FICCAO
942
_c
BK
999
_c
175920
_d
175920